[Event "21.Wörishofen-Seniorenen op"]
[Site "Bad Wörishofen (03.03.-11.03)"]
[Date "2005.03.11"]
[Round "9.1"]
[White "Fischer, Johann[35München]"]
[Black "Bierwisch, Bernhard"]
[Result "1/2-1/2"]
[WhiteElo "2238"]
[BlackElo "2117"]
[PlyCount "110"]
[EventDate "2005.03.??"]
[Source "Chessorg"]
[SourceDate "2005.12.10"]

1. c4 e5 2. Nc3 Nc6 3. Nf3 Nf6 4. e3 Bb4 5. Qc2 O-O 6. a3 Bxc3 7. Qxc3 Re8 8.
d3 d5 9. cxd5 Nxd5 10. Qc2 a5 11. b3 Bg4 12. Bb2 Bh5 13. Be2 Bg6 14. Nd2 Qd7
15. O-O Nf6 16. Ne4 Nxe4 17. dxe4 Nd8 18. Rfd1 Qc6 19. Qxc6 Nxc6 20. f3 Re7 21.
Bc3 f6 22. b4 axb4 23. axb4 Rxa1 24. Rxa1 Nd8 25. Rd1 Ne6 26. b5 Nf8 27. Bb4
Rd7 28. Ra1 Rd8 29. Ra7 Rb8 30. Ba5 b6 31. Bc4+ Bf7 32. Bxf7+ Kxf7 33. Rxc7+
Kg6 34. Bb4 Ne6 35. Rc6 Kf7 36. f4 exf4 37. exf4 Rb7 38. f5 Nd4 39. Rc8 g6 40.
g4 Nxb5 41. Rc6 Nd4 42. Rd6 Nf3+ 43. Kg2 Ne5 44. Kg3 gxf5 45. exf5 b5 46. h3
Rd7 47. Rxd7+ Nxd7 48. Kf4 Ne5 49. Bc3 b4 50. Bd4 b3 51. Ke4 h6 52. Bc3 Ke7 53.
Kd4 Nf3+ 54. Kc4 Ng5 55. Kxb3 Nxh3 1/2-1/2

[Event "21.Wörishofen-Seniorenen op"]
[Site "Bad Wörishofen (03.03.-11.03)"]
[Date "2005.03.11"]
[Round "9.2"]
[White "Neese, Hans-Joachim"]
[Black "Goy, Udo"]
[Result "1-0"]
[WhiteElo "2100"]
[BlackElo "2163"]
[PlyCount "89"]
[EventDate "2005.03.??"]
[Source "Chessorg"]
[SourceDate "2005.12.10"]

1. c4 Nf6 2. Nc3 g6 3. d4 Bg7 4. e4 d6 5. f3 O-O 6. Be3 e5 7. d5 Nh5 8. Qd2 f5
9. exf5 gxf5 10. g3 Nd7 11. Bg2 a6 12. Nge2 Qe8 13. O-O Qg6 14. Kh1 Kh8 15.
Rac1 b6 16. b4 f4 17. gxf4 Nxf4 18. Nxf4 exf4 19. Bxf4 Ne5 20. Ne4 Bd7 21. Be3
Rf7 22. f4 Ng4 23. Ng5 Re7 24. Bg1 Rae8 25. Rce1 h6 26. Nf3 Bf5 27. Nh4 Qf6 28.
Rxe7 Rxe7 29. Nxf5 Qxf5 30. Bf3 Rf7 31. Qe2 Nf6 32. Qe6 Ng8 33. Qxf5 Rxf5 34.
Bg4 Rf8 35. c5 bxc5 36. bxc5 Be5 37. Be2 Rxf4 38. Rxf4 Bxf4 39. Bd4+ Be5 40.
Bxe5+ dxe5 41. Bxa6 Kg7 42. a4 Nf6 43. Bb7 Nd7 44. c6 Nb6 45. d6 1-0

[Event "21.Wörishofen-Seniorenen op"]
[Site "Bad Wörishofen (03.03.-11.03)"]
[Date "2005.03.11"]
[Round "9.3"]
[White "Packroff, Hermann"]
[Black "Riedel, Lutz"]
[Result "1/2-1/2"]
[WhiteElo "2103"]
[BlackElo "2010"]
[PlyCount "111"]
[EventDate "2005.03.??"]
[Source "Chessorg"]
[SourceDate "2005.12.10"]

1. d4 d5 2. Nf3 e6 3. e3 c6 4. c4 a5 5. Nc3 f5 6. Bd3 Nf6 7. O-O Bd6 8. Qc2 Na6
9. a3 Bd7 10. Rb1 dxc4 11. Bxc4 b5 12. Bd3 b4 13. Na4 Qb8 14. Nc5 Nc7 15. Nxd7
Kxd7 16. Ne5+ Bxe5 17. dxe5 Nfd5 18. e4 fxe4 19. Bxe4 Qb6 20. Re1 Rab8 21. Be3
Nxe3 22. Rxe3 Nd5 23. Bxd5 cxd5 24. axb4 axb4 25. Qe2 Qc5 26. Qg4 Qe7 27. Rd1
Ke8 28. h4 Rf8 29. Qh5+ Qf7 30. Qe2 Qa7 31. Qc2 g6 32. h5 gxh5 33. Qe2 Rf5 34.
Rc1 Qd7 35. Rc5 Qe7 36. Qc2 Rd8 37. Rc7 Rd7 38. Qc6 h4 39. Re1 Rf4 40. Ra1 Rc4
41. Ra8+ Kf7 42. Qxd7 Rxc7 43. Qb5 Rb7 44. Qe2 Qg5 45. Qc2 Qg7 46. Qc8 Re7 47.
Kf1 Kg6 48. Qc2+ Kh5 49. Rb8 Rc7 50. Qe2+ Kh6 51. Kg1 Rc4 52. Rxb4 Rxb4 53.
Qd2+ Kg6 54. Qxb4 Qxe5 55. Qg4+ Kf7 56. Qxh4 1/2-1/2

[Event "21.Wörishofen-Seniorenen op"]
[Site "Bad Wörishofen (03.03.-11.03)"]
[Date "2005.03.11"]
[Round "9.4"]
[White "Minz, Michael"]
[Black "Gehrmann, Rudolf-Rainer"]
[Result "1-0"]
[WhiteElo "2055"]
[BlackElo "2017"]
[PlyCount "77"]
[EventDate "2005.03.??"]
[Source "Chessorg"]
[SourceDate "2005.12.10"]

1. e4 c5 2. Nc3 Nc6 3. g3 g6 4. Bg2 Bg7 5. d3 e6 6. Be3 d6 7. Qd2 Rb8 8. f4
Nge7 9. Nf3 b5 10. a3 O-O 11. O-O a5 12. Rae1 Qc7 13. e5 dxe5 14. Ne4 c4 15.
fxe5 Nxe5 16. Nxe5 Bxe5 17. d4 Bg7 18. Bf4 e5 19. Bxe5 Bxe5 20. dxe5 Kg7 21.
Qg5 Bf5 22. g4 Bxe4 23. Bxe4 Rb6 24. Rf6 h6 25. Qf4 Ng8 26. Kh1 Qd8 27. Rd6
Rxd6 28. exd6 Re8 29. Rd1 Nf6 30. Bf3 Nd7 31. Bc6 Re2 32. Qd4+ f6 33. Bf3 Rxc2
34. Re1 Ne5 35. Be4 Rxh2+ 36. Kxh2 Nxg4+ 37. Kg2 Qd7 38. Bf3 Ne5 39. Rxe5 1-0

[Event "21.Wörishofen-Seniorenen op"]
[Site "Bad Wörishofen (03.03.-11.03)"]
[Date "2005.03.11"]
[Round "9.6"]
[White "Kraft, Hans"]
[Black "Zunker, Reinhard,Dr."]
[Result "1/2-1/2"]
[WhiteElo "2052"]
[BlackElo "2122"]
[PlyCount "33"]
[EventDate "2005.03.??"]
[Source "Chessorg"]
[SourceDate "2005.12.10"]

1. e4 c5 2. c3 Qa5 3. Na3 Nc6 4. Nf3 a6 5. Nc4 Qc7 6. a4 e6 7. a5 Rb8 8. d3 d5
9. Nb6 Nxa5 10. Nxc8 Rxc8 11. g3 Nc6 12. exd5 exd5 13. Bh3 Ra8 14. Qb3 Nf6 15.
Bf4 Bd6 16. Bxd6 Qxd6 17. Qxb7 1/2-1/2

[Event "21.Wörishofen-Seniorenen op"]
[Site "Bad Wörishofen (03.03.-11.03)"]
[Date "2005.03.11"]
[Round "9.7"]
[White "Reinke, Kurt[39Benrath]"]
[Black "Fahnenschmidt, Gerhard,Dr."]
[Result "0-1"]
[WhiteElo "1835"]
[BlackElo "2020"]
[PlyCount "68"]
[EventDate "2005.03.??"]
[Source "Chessorg"]
[SourceDate "2005.12.10"]

1. d4 Nf6 2. Nf3 c5 3. d5 b5 4. c4 Bb7 5. b3 e6 6. dxe6 fxe6 7. e3 b4 8. Nbd2
Nc6 9. Bb2 Be7 10. Bd3 d5 11. Ng5 Qd6 12. Bxf6 Bxf6 13. Qh5+ g6 14. Bxg6+ Kd7
15. Nde4 Bc3+ 16. Nxc3 hxg6 17. Qxg6 Ne7 18. Qc2 Qe5 19. Nf7 Qg7 20. cxd5 exd5
21. Nd6 Kxd6 22. Nb5+ Kc6 23. Nd4+ Kb6 24. Rc1 Rac8 25. Ne2 Qxg2 26. Rg1 Qe4
27. Qb2 Rxh2 28. a3 bxa3 29. Qxa3 Qf3 30. Rf1 Ba6 31. Nd4 cxd4 32. Qb4+ Bb5 33.
Qxd4+ Kb7 34. Rxc8 Qe2# 0-1

[Event "21.Wörishofen-Seniorenen op"]
[Site "Bad Wörishofen (03.03.-11.03)"]
[Date "2005.03.11"]
[Round "9.8"]
[White "Hoennekes, Klaus"]
[Black "Wunderer, Eckart"]
[Result "0-1"]
[WhiteElo "2011"]
[BlackElo "2006"]
[PlyCount "118"]
[EventDate "2005.03.??"]
[Source "Chessorg"]
[SourceDate "2005.12.10"]

1. e4 e5 2. f4 Bc5 3. Nf3 d6 4. d4 exd4 5. Bd3 Nf6 6. O-O Nc6 7. a3 a5 8. Kh1
O-O 9. h3 Re8 10. e5 dxe5 11. Nxe5 Nxe5 12. fxe5 Rxe5 13. Bf4 Re8 14. Bg5 Be7
15. Nd2 Qd5 16. Bxf6 Bxf6 17. Kg1 Bd7 18. Rf3 Bc6 19. Qf1 Qg5 20. Rf2 Re3 21.
Nf3 Qg3 22. Bb5 Rxf3 23. Rxf3 Bxf3 24. Qxf3 Qxf3 25. gxf3 d3 26. cxd3 Bxb2 27.
Ra2 Bd4+ 28. Kf1 c6 29. Ba4 Re8 30. Bd1 b5 31. a4 b4 32. Re2 Kf8 33. Re4 Rxe4
34. dxe4 Ke7 35. Bb3 g5 36. Ke2 f6 37. Kd3 Bb6 38. Bg8 h6 39. Kc4 Kd6 40. Bf7
Ke5 41. Be8 c5 42. Bf7 Kf4 43. Bh5 Ke3 44. Bg4 Kd2 45. Bf5 Bd8 46. Bg6 Be7 47.
Kb3 Bd6 48. Bf7 Be5 49. Be6 Ke3 50. Bg4 Kd4 51. Be6 h5 52. Bg8 Ke3 53. Bf7 Kxf3
54. Bxh5+ Kxe4 55. Kc4 f5 56. Kxc5 b3 57. Bd1 b2 58. Bc2+ Kf4 59. Kd5 g4 0-1

[Event "21.Wörishofen-Seniorenen op"]
[Site "Bad Wörishofen (03.03.-11.03)"]
[Date "2005.03.11"]
[Round "9.9"]
[White "Fischer, Ernst[37Weiden]"]
[Black "Schuler, Georg"]
[Result "1-0"]
[WhiteElo "1940"]
[BlackElo "1885"]
[PlyCount "79"]
[EventDate "2005.03.??"]
[Source "Chessorg"]
[SourceDate "2005.12.10"]

1. d4 Nf6 2. Nf3 d5 3. Bg5 e6 4. Nbd2 Be7 5. e3 O-O 6. Bd3 c5 7. c3 b6 8. Ne5
Bb7 9. Bxf6 Bxf6 10. f4 g6 11. Qg4 Bg7 12. h4 f5 13. Qg3 Bxe5 14. fxe5 Nc6 15.
Nf3 Qe8 16. Bb5 a6 17. Bxc6 Bxc6 18. h5 Ra7 19. hxg6 Qxg6 20. Qxg6+ hxg6 21.
Ke2 Bb5+ 22. Kd2 f4 23. Rh6 fxe3+ 24. Kxe3 Rf5 25. Rxg6+ Rg7 26. Rxg7+ Kxg7 27.
Rh1 Ba4 28. g4 Rf8 29. Ng5 Re8 30. b3 cxd4+ 31. cxd4 Bc6 32. Rc1 Ba8 33. Rc7+
Kg6 34. Nh3 b5 35. b4 a5 36. bxa5 b4 37. a6 Rb8 38. a7 Rb7 39. Rxb7 Bxb7 40.
Kf4 1-0

[Event "21.Wörishofen-Seniorenen op"]
[Site "Bad Wörishofen (03.03.-11.03)"]
[Date "2005.03.11"]
[Round "9.10"]
[White "Litterst, Reinhard"]
[Black "Papenbrock, Volker"]
[Result "0-1"]
[WhiteElo "1843"]
[BlackElo "2085"]
[PlyCount "94"]
[EventDate "2005.03.??"]
[Source "Chessorg"]
[SourceDate "2005.12.10"]

1. d4 g6 2. Nf3 Bg7 3. c4 f5 4. Nc3 Nf6 5. Qc2 d6 6. e3 O-O 7. Be2 c6 8. O-O
Qc7 9. h3 Kh8 10. b3 Be6 11. Bb2 Bg8 12. Rad1 Nbd7 13. e4 fxe4 14. Nxe4 Nxe4
15. Qxe4 Nf6 16. Qh4 Nh5 17. Bc1 e5 18. dxe5 dxe5 19. Ng5 Nf4 20. Bg4 Rad8 21.
Rxd8 Rxd8 22. Bxf4 exf4 23. Be6 Bf6 24. Bxg8 Rxg8 25. Qg4 h5 26. Ne6 hxg4 27.
Nxc7 g3 28. fxg3 Bd4+ 29. Kh1 fxg3 30. Ne6 Bf2 31. Ng5 Re8 32. a4 Re2 33. Rb1
a5 34. Nf3 Kg7 35. Ng5 Kf6 36. h4 Kf5 37. Nh3 Ke4 38. Rf1 Rb2 39. Nxf2+ gxf2
40. g4 Kf4 41. Kg2 Kxg4 42. -- Kxh4 43. Rh1+ Kg4 44. Rh6 g5 45. Rd6 Rxb3 46.
Rd4+ Kf5 47. Kxf2 Rb4 0-1

[Event "21.Wörishofen-Seniorenen op"]
[Site "Bad Wörishofen (03.03.-11.03)"]
[Date "2005.03.11"]
[Round "9.11"]
[White "Villing, Dieter"]
[Black "Ganslmayer, Herbert"]
[Result "1-0"]
[WhiteElo "2163"]
[BlackElo "1855"]
[PlyCount "59"]
[EventDate "2005.03.??"]
[Source "Chessorg"]
[SourceDate "2005.12.10"]

1. d4 d5 2. Nc3 e6 3. e4 dxe4 4. Nxe4 b6 5. Nf3 Bb7 6. Bd3 Nd7 7. Qe2 a5 8.
Neg5 Bxf3 9. Nxf3 Ngf6 10. Bg5 Bb4+ 11. c3 Be7 12. O-O-O c6 13. h4 h5 14. Rhe1
Qc7 15. Ne5 Nxe5 16. dxe5 Nd5 17. Bxe7 Nxe7 18. Qf3 Rd8 19. Be4 Rxd1+ 20. Rxd1
b5 21. Rd6 Nd5 22. Bxd5 exd5 23. Qf5 O-O 24. Qxh5 f6 25. Qg4 f5 26. Qg6 b4 27.
Qe6+ Rf7 28. Rxc6 Qa7 29. Rc8+ Kh7 30. h5 1-0

[Event "21.Wörishofen-Seniorenen op"]
[Site "Bad Wörishofen (03.03.-11.03)"]
[Date "2005.03.11"]
[Round "9.12"]
[White "Budt, Karl-Heinz"]
[Black "Xander, Karl,Dr."]
[Result "1-0"]
[WhiteElo "2002"]
[BlackElo "1886"]
[PlyCount "53"]
[EventDate "2005.03.??"]
[Source "Chessorg"]
[SourceDate "2005.12.10"]

1. c4 Nf6 2. d4 g6 3. Nc3 d5 4. Nf3 Bg7 5. Bg5 dxc4 6. e4 a6 7. e5 Nd5 8. Bxc4
Nxc3 9. bxc3 b5 10. Bd3 Bb7 11. O-O h6 12. Be3 Qd5 13. Qe2 c5 14. c4 bxc4 15.
Bxc4 Qe4 16. Bd3 Qd5 17. Rab1 Nd7 18. Rxb7 Qxb7 19. e6 fxe6 20. Bxg6+ Kf8 21.
dxc5 Rc8 22. Qc4 Qd5 23. Qf4+ Bf6 24. Be4 Qh5 25. c6 Ne5 26. Rc1 Nxf3+ 27. Bxf3
1-0

[Event "21.Wörishofen-Seniorenen op"]
[Site "Bad Wörishofen (03.03.-11.03)"]
[Date "2005.03.11"]
[Round "9.13"]
[White "Kripp, Wolfgang"]
[Black "Will, Michael[40Naumb]"]
[Result "1-0"]
[WhiteElo "2038"]
[BlackElo "1753"]
[PlyCount "95"]
[EventDate "2005.03.??"]
[Source "Chessorg"]
[SourceDate "2005.12.10"]

1. e4 g6 2. d4 c6 3. Be3 d5 4. Nd2 Nf6 5. e5 Ng4 6. Bf4 h5 7. Bd3 Nh6 8. Nb3
Nf5 9. Nf3 e6 10. h3 a5 11. a4 b6 12. O-O Ba6 13. Bxa6 Nxa6 14. Qe2 Nb8 15.
Rfc1 Be7 16. Qd2 h4 17. c4 Na6 18. c5 bxc5 19. dxc5 Nb4 20. Qd1 Qc7 21. Bd2 Qb7
22. Rc3 Rg8 23. Nh2 g5 24. Ng4 Rg6 25. Rf3 Qc7 26. Bc3 Rd8 27. Qd2 d4 28. Bxb4
axb4 29. Qxb4 Qa7 30. Qb6 Qd7 31. Na5 Rc8 32. Nc4 Bd8 33. Qa6 Rb8 34. Nb6 Qc7
35. a5 Nh6 36. Qe2 Nxg4 37. hxg4 Be7 38. b4 Rb7 39. Qe4 Rh6 40. Rd3 Kf8 41.
Raa3 Kg7 42. Rxd4 f6 43. Rd7 Qb8 44. Rad3 Rxd7 45. Rxd7 Qf8 46. a6 fxe5 47.
Qxe5+ Rf6 48. a7 1-0

[Event "21.Wörishofen-Seniorenen op"]
[Site "Bad Wörishofen (03.03.-11.03)"]
[Date "2005.03.11"]
[Round "9.14"]
[White "Molez, Karl"]
[Black "Rahn, Oskar"]
[Result "1/2-1/2"]
[WhiteElo "1842"]
[BlackElo "2000"]
[PlyCount "20"]
[EventDate "2005.03.??"]
[Source "Chessorg"]
[SourceDate "2005.12.10"]

1. d4 Nf6 2. Nf3 d5 3. e3 e6 4. c4 Be7 5. Nc3 O-O 6. Bd3 b6 7. O-O Bb7 8. b3
Nbd7 9. Qc2 c5 10. Be2 Rc8 1/2-1/2

[Event "21.Wörishofen-Seniorenen op"]
[Site "Bad Wörishofen (03.03.-11.03)"]
[Date "2005.03.11"]
[Round "9.15"]
[White "Wawrinsky, Ludwig"]
[Black "Klempt, Guenter"]
[Result "0-1"]
[WhiteElo "1703"]
[BlackElo "1943"]
[PlyCount "100"]
[EventDate "2005.03.??"]
[Source "Chessorg"]
[SourceDate "2005.12.10"]

1. e4 c5 2. Nc3 Nc6 3. f4 e6 4. Nf3 d5 5. e5 a6 6. Be2 Nge7 7. O-O Nf5 8. Qe1
Be7 9. d3 O-O 10. g4 Nfd4 11. Nxd4 Nxd4 12. Bd1 f6 13. Ne2 fxe5 14. Nxd4 exd4
15. Qg3 Bd6 16. Qh3 Bd7 17. Bd2 Qc7 18. Qf3 Rf7 19. Be2 Raf8 20. f5 Bxh2+ 21.
Kg2 exf5 22. Qh3 Be5 23. Rh1 g6 24. Bh6 Re8 25. Bf3 fxg4 26. Bxg4 Bxg4 27. Qxg4
Bf4 28. Bxf4 Qxf4 29. Qxf4 Rxf4 30. Rae1 Rxe1 31. Rxe1 Kf7 32. Kg3 Rf5 33. Rh1
h5 34. Re1 g5 35. Re2 a5 36. Rh2 h4+ 37. Kg4 Kf6 38. Re2 Rf4+ 39. Kh3 Rf3+ 40.
Kg2 g4 41. Re8 Re3 42. Rf8+ Ke7 43. Rf4 Re2+ 44. Kf1 Rxc2 45. Rxg4 Rxb2 46.
Rxh4 b6 47. Rh7+ Kd8 48. Rh5 Rxa2 49. Rxd5+ Kc7 50. Rh5 Rd2 0-1

[Event "21.Wörishofen-Seniorenen op"]
[Site "Bad Wörishofen (03.03.-11.03)"]
[Date "2005.03.11"]
[Round "9.16"]
[White "Mentel, Juergen,Dr."]
[Black "Schurig, Wilhelm"]
[Result "0-1"]
[WhiteElo "1963"]
[BlackElo "1970"]
[PlyCount "82"]
[EventDate "2005.03.??"]
[Source "Chessorg"]
[SourceDate "2005.12.10"]

1. e4 g6 2. d4 Bg7 3. Nf3 d6 4. Bd3 Bg4 5. c3 e5 6. Be3 Nf6 7. Nbd2 O-O 8. Qb3
Nbd7 9. Qxb7 Rb8 10. Qxa7 Rxb2 11. Qa3 Rb8 12. O-O Bxf3 13. Nxf3 d5 14. Nd2
dxe4 15. Nxe4 Nxe4 16. Bxe4 Nf6 17. Bf3 e4 18. Be2 Nd5 19. Bd2 Re8 20. Bc4 c6
21. Rac1 Bf8 22. Qa6 Nb6 23. Bb3 Qc7 24. Qe2 Bd6 25. h3 Nd5 26. c4 Nf4 27. Bxf4
Bxf4 28. Rcd1 Qe7 29. Qg4 Bc7 30. d5 h5 31. Qe2 c5 32. Qe3 Qd6 33. g3 h4 34.
Kg2 Re5 35. Rh1 Rf5 36. g4 Rf4 37. Rdf1 Re8 38. f3 exf3+ 39. Qxf3 Rxf3 40. Rxf3
Re2+ 41. Rf2 Qg3+ 0-1

[Event "21.Wörishofen-Seniorenen op"]
[Site "Bad Wörishofen (03.03.-11.03)"]
[Date "2005.03.11"]
[Round "9.17"]
[White "Schmid, Hermann[39Peiting]"]
[Black "Moeckel, Edgar,Dr."]
[Result "1/2-1/2"]
[WhiteElo "2055"]
[BlackElo "1826"]
[PlyCount "49"]
[EventDate "2005.03.??"]
[Source "Chessorg"]
[SourceDate "2005.12.10"]

1. d4 d5 2. Nf3 Nf6 3. e3 Bf5 4. Bd3 Bxd3 5. Qxd3 c6 6. O-O e6 7. Nbd2 Be7 8.
Re1 O-O 9. e4 dxe4 10. Nxe4 Nbd7 11. Ng3 h6 12. c3 Re8 13. a4 c5 14. dxc5 Nxc5
15. Qxd8 Raxd8 16. Be3 Nb3 17. Rad1 b6 18. Ne5 Bc5 19. Nc6 Rxd1 20. Rxd1 Bxe3
21. fxe3 Ra8 22. e4 Nc5 23. Rd4 Kf8 24. h3 Ng8 25. a5 1/2-1/2

[Event "21.Wörishofen-Seniorenen op"]
[Site "Bad Wörishofen (03.03.-11.03)"]
[Date "2005.03.11"]
[Round "9.18"]
[White "Von Hoesslin, Holger"]
[Black "Schoen, Siegfried"]
[Result "1/2-1/2"]
[WhiteElo "1601"]
[BlackElo "1545"]
[PlyCount "80"]
[EventDate "2005.03.??"]
[Source "Chessorg"]
[SourceDate "2005.12.10"]

1. e4 d6 2. d4 Nf6 3. Nc3 e5 4. Be3 Be7 5. f3 Nbd7 6. Qd2 exd4 7. Bxd4 b6 8.
O-O-O Bb7 9. Kb1 a6 10. g4 h6 11. Nge2 Ne5 12. Bxe5 dxe5 13. Qe1 Qb8 14. h4 c6
15. Ng3 Bc8 16. Be2 Be6 17. g5 Nd7 18. Nf5 Bxf5 19. exf5 hxg5 20. hxg5 Rxh1 21.
Qxh1 Qb7 22. Qh8+ Bf8 23. Ne4 O-O-O 24. f6 g6 25. Qh7 Nc5 26. Rxd8+ Kxd8 27.
Nxc5 bxc5 28. Bc4 Qd7 29. a3 Ke8 30. Bxa6 Qd1+ 31. Ka2 Qxc2 32. Qh1 Qd2 33. f4
Qd5+ 34. Qxd5 cxd5 35. fxe5 Kd7 36. Bb5+ Ke6 37. Be8 c4 38. a4 Bb4 39. Kb1 Ba5
40. Kc2 Bc7 1/2-1/2

[Event "21.Wörishofen-Seniorenen op"]
[Site "Bad Wörishofen (03.03.-11.03)"]
[Date "2005.03.11"]
[Round "9.19"]
[White "Bernhoeft, Erhard"]
[Black "Smits, Oswald"]
[Result "1/2-1/2"]
[WhiteElo "1922"]
[BlackElo "1714"]
[PlyCount "33"]
[EventDate "2005.03.??"]
[Source "Chessorg"]
[SourceDate "2005.12.10"]

1. Nf3 Nf6 2. g3 b6 3. Bg2 Bb7 4. b3 e6 5. Bb2 Be7 6. O-O O-O 7. d3 d5 8. Nbd2
Nbd7 9. e3 c5 10. Qe2 Qc7 11. a4 a5 12. c4 Rfd8 13. Rad1 Re8 14. e4 dxe4 15.
dxe4 e5 16. Bh3 Bf8 17. Nh4 1/2-1/2

[Event "21.Wörishofen-Seniorenen op"]
[Site "Bad Wörishofen (03.03.-11.03)"]
[Date "2005.03.11"]
[Round "9.20"]
[White "Mantzouneas, Nikolaos"]
[Black "Reimann, Guenther"]
[Result "0-1"]
[WhiteElo "1873"]
[BlackElo "1927"]
[PlyCount "78"]
[EventDate "2005.03.??"]
[Source "Chessorg"]
[SourceDate "2005.12.10"]

1. d4 e6 2. c4 f5 3. g3 Nf6 4. Bg2 c6 5. Nf3 Be7 6. Nc3 O-O 7. O-O d6 8. b4 Ne4
9. Bb2 Nd7 10. Qb3 Ndf6 11. Rad1 Qe8 12. c5 d5 13. Ne5 Qh5 14. Bf3 Qe8 15. a4
Nd7 16. Nd3 Bf6 17. Nb1 Kh8 18. Rfe1 Qf7 19. b5 Re8 20. Bg2 e5 21. f3 Ng5 22.
h4 Ne6 23. Nxe5 Bxe5 24. dxe5 Ndxc5 25. Qc2 Bd7 26. Ba3 b6 27. bxc6 Bxc6 28.
Nc3 Rac8 29. Nb5 Bxb5 30. axb5 Ne4 31. Qa2 Nxg3 32. Qxd5 Qg6 33. e3 f4 34. e4
Rc2 35. Rd2 Rxd2 36. Qxd2 Rd8 37. Bd6 Rc8 38. Rc1 Rxc1+ 39. Qxc1 Ne2+ 0-1

[Event "21.Wörishofen-Seniorenen op"]
[Site "Bad Wörishofen (03.03.-11.03)"]
[Date "2005.03.11"]
[Round "9.21"]
[White "Semmler, Guenter"]
[Black "Malin, Klaus"]
[Result "1-0"]
[WhiteElo "1920"]
[BlackElo "1691"]
[PlyCount "43"]
[EventDate "2005.03.??"]
[Source "Chessorg"]
[SourceDate "2005.12.10"]

1. Nf3 d5 2. d4 Nf6 3. g3 b6 4. Bg2 Bb7 5. O-O e6 6. Ne5 Be7 7. c4 O-O 8. Nc3
c5 9. dxc5 bxc5 10. Qb3 Qb6 11. Qxb6 axb6 12. Rd1 Rd8 13. Bf4 Nc6 14. Rd2 Nxe5
15. Bxe5 d4 16. Bxb7 dxc3 17. Bxc3 Rxd2 18. Bxd2 Rd8 19. Bc3 Rd7 20. Bf3 Kf8
21. Kf1 Ke8 22. Bc6 1-0

[Event "21.Wörishofen-Seniorenen op"]
[Site "Bad Wörishofen (03.03.-11.03)"]
[Date "2005.03.11"]
[Round "9.22"]
[White "Tochtermann, Georg,Dr."]
[Black "Niebaum, Karl"]
[Result "1/2-1/2"]
[WhiteElo "1789"]
[BlackElo "1774"]
[PlyCount "23"]
[EventDate "2005.03.??"]
[Source "Chessorg"]
[SourceDate "2005.12.10"]

1. e4 d5 2. exd5 Qxd5 3. Nc3 Qa5 4. Bc4 Nf6 5. Nge2 Bg4 6. d3 e6 7. h3 Bxe2 8.
Qxe2 c6 9. O-O Nbd7 10. Bd2 Qe5 11. Be3 Bd6 12. f4 1/2-1/2

[Event "21.Wörishofen-Seniorenen op"]
[Site "Bad Wörishofen (03.03.-11.03)"]
[Date "2005.03.11"]
[Round "9.23"]
[White "Lamberger, Werner[39AUT]"]
[Black "Lange, Manfred,Dr[33Wzb]"]
[Result "0-1"]
[WhiteElo "1169"]
[BlackElo "1943"]
[PlyCount "86"]
[EventDate "2005.03.??"]
[Source "Chessorg"]
[SourceDate "2005.12.10"]

1. d4 Nf6 2. c4 g6 3. g3 c6 4. Bg2 d5 5. Nc3 dxc4 6. h3 Nbd7 7. Nf3 Nb6 8. Bf4
Bg7 9. O-O O-O 10. Qd2 Re8 11. e4 Nfd7 12. e5 Nf8 13. g4 Be6 14. Rfd1 Bd5 15.
Nxd5 cxd5 16. a4 a5 17. Rdc1 Ne6 18. Bg3 Qd7 19. Qc2 Bh6 20. Rd1 Rec8 21. h4
Bf4 22. Kh2 Bxg3+ 23. Kxg3 Qc6 24. Ra3 Nc7 25. b3 Kg7 26. Nd2 cxb3 27. Qxb3 Na6
28. Qb5 Nb4 29. Qc5 Qxc5 30. dxc5 Rxc5 31. Kh2 e6 32. Raa1 Rc3 33. Bf1 Rac8 34.
Kg2 Nd7 35. Nf3 Nc5 36. Rdb1 Rc2 37. Ra3 Ne4 38. Nd4 Rxf2+ 39. Kg1 Rf4 40. Be2
Nd2 41. Nb3 Nxb1 42. Ra1 Nc3 43. Bf1 Rxg4+ 0-1

[Event "21.Wörishofen-Seniorenen op"]
[Site "Bad Wörishofen (03.03.-11.03)"]
[Date "2005.03.11"]
[Round "9.24"]
[White "Duer, Maria"]
[Black "Selg, Rudolf"]
[Result "0-1"]
[WhiteElo "1694"]
[BlackElo "1807"]
[PlyCount "92"]
[EventDate "2005.03.??"]
[Source "Chessorg"]
[SourceDate "2005.12.10"]

1. d4 Nf6 2. c4 c5 3. e3 g6 4. Nf3 Bg7 5. Be2 cxd4 6. exd4 O-O 7. O-O d6 8. h3
b6 9. Be3 Bb7 10. Nc3 Nbd7 11. Qd2 Rc8 12. Bh6 d5 13. Bxg7 Kxg7 14. cxd5 Nxd5
15. Rac1 N7f6 16. Bd3 Nh5 17. Rfe1 Nxc3 18. bxc3 Bxf3 19. gxf3 e6 20. Qe3 Qh4
21. Bf1 Nf4 22. Kh2 Rc4 23. Bg2 Rfc8 24. Qe5+ Qf6 25. Qxf6+ Kxf6 26. Bf1 Rxc3
27. Rxc3 Rxc3 28. Kg3 Nd5 29. h4 h5 30. Rb1 Ne7 31. Bh3 Ra3 32. Rb2 Nc6 33. Rd2
Nb4 34. Rb2 a5 35. Bf1 Rxa2 36. Rb3 Rd2 37. Bb5 Rxd4 38. Rc3 Nd5 39. Rc8 Ne7
40. Rb8 Nf5+ 41. Kg2 Rb4 42. Be8 Nxh4+ 43. Kf1 Nxf3 44. Rb7 Ng5 45. Kg2 h4 46.
Rc7 a4 0-1

[Event "21.Wörishofen-Seniorenen op"]
[Site "Bad Wörishofen (03.03.-11.03)"]
[Date "2005.03.11"]
[Round "9.25"]
[White "Seitz, Heinz[39Nbg]"]
[Black "Gestrich, Wolfgang,Prof.Dr."]
[Result "1/2-1/2"]
[WhiteElo "1457"]
[BlackElo "1442"]
[PlyCount "48"]
[EventDate "2005.03.??"]
[Source "Chessorg"]
[SourceDate "2005.12.10"]

1. d4 Nf6 2. c4 d6 3. e3 e5 4. dxe5 dxe5 5. Qxd8+ Kxd8 6. Be2 Nfd7 7. Nf3 f6 8.
O-O c6 9. Rd1 Kc7 10. Nc3 Bb4 11. Ne4 Rd8 12. a3 Be7 13. b4 c5 14. b5 b6 15.
Nc3 Bb7 16. Nd5+ Bxd5 17. Rxd5 Nf8 18. Rxd8 Bxd8 19. Bb2 Nbd7 20. Nd2 a5 21. a4
Be7 22. Rd1 Rd8 23. f4 exf4 24. exf4 Ne6 1/2-1/2

[Event "21.Wörishofen-Seniorenen op"]
[Site "Bad Wörishofen (03.03.-11.03)"]
[Date "2005.03.11"]
[Round "9.29"]
[White "Wittelsberger, Helmut"]
[Black "Wohlfart, Karl-Heinz"]
[Result "1/2-1/2"]
[WhiteElo "1794"]
[BlackElo "1774"]
[PlyCount "71"]
[EventDate "2005.03.??"]
[Source "Chessorg"]
[SourceDate "2005.12.10"]

1. e4 d6 2. d4 Nf6 3. Nc3 g6 4. Nf3 Bg7 5. Bd3 O-O 6. O-O c6 7. h3 Qc7 8. Be3
Nbd7 9. Rb1 a5 10. a4 e5 11. dxe5 dxe5 12. Qe2 Re8 13. Bc4 h6 14. Rfd1 Nf8 15.
Bc5 Be6 16. Bd6 Qc8 17. Bxe6 Nxe6 18. Bxe5 Ng5 19. Bxf6 Bxf6 20. Nxg5 hxg5 21.
Rd3 Qe6 22. f3 Rad8 23. Rbd1 Rxd3 24. Qxd3 Qc4 25. Qd2 Qb4 26. b3 Be5 27. Ne2
Qc5+ 28. Kf1 Bc7 29. Qc3 Qe7 30. g4 Qe6 31. Qc5 Qf6 32. Kg2 b6 33. Qd4 Qe7 34.
Qc3 Qe6 35. Ng3 Rc8 36. Kf2 1/2-1/2

[Event "21.Wörishofen-Seniorenen op"]
[Site "Bad Wörishofen (03.03.-11.03)"]
[Date "2005.03.11"]
[Round "9.30"]
[White "Rueggeberg, Wilhelm"]
[Black "Auf'm Wasser, Guenter"]
[Result "1-0"]
[WhiteElo "1801"]
[BlackElo "1613"]
[PlyCount "69"]
[EventDate "2005.03.??"]
[Source "Chessorg"]
[SourceDate "2005.12.10"]

1. d4 Nf6 2. Nf3 g6 3. c4 Bg7 4. Nc3 O-O 5. e3 c6 6. Bd3 a6 7. Qe2 b5 8. O-O b4
9. Ne4 a5 10. Ng3 d5 11. Bd2 Nbd7 12. cxd5 cxd5 13. Rac1 Qb6 14. Rc2 Bb7 15.
Rfc1 Rac8 16. Rxc8 Rxc8 17. Rxc8+ Bxc8 18. Qe1 Ba6 19. Bxa6 Qxa6 20. b3 Qc6 21.
Qc1 Qxc1+ 22. Bxc1 e6 23. h3 Bf8 24. Nd2 Nb8 25. Bb2 Nc6 26. f4 Bg7 27. Kf2 h5
28. Ne2 Ne4+ 29. Nxe4 dxe4 30. Ng3 f5 31. Nf1 Bf8 32. Nd2 Kf7 33. Nc4 Be7 34.
g3 Kg7 35. d5+ 1-0